000 00397pab a2200157 454500
008 180718b2008 xxu||||| |||| 00| 0 eng d
100 _aBeckmann, Daniel
245 _aWill women be women? Analyzing the gender difference among financial experts
260 _c2008
300 _ap.364-84.
650 _aWomen
700 _aMenkhofi, Lukas
773 _aKyklos
908 _aN
909 _a79162
999 _c79162
_d79162